| 000 | 005570000a22001810004500 | ||
|---|---|---|---|
| 003 | MACL | ||
| 005 | 20160609131629.0 | ||
| 008 | 160609b xxu||||| |||| 00| 0 eng d | ||
| 040 |
_aMACL _cMACL |
||
| 041 | _aHindi | ||
| 082 | _a891.433 | ||
| 100 |
_aरेडडी, बालशौरि _943972 |
||
| 245 |
_aबैसाखी _cबालशौरि रेडडी |
||
| 260 |
_bसाहित्य भवन लिमिटेड _c1998 _aइलाहाबाद |
||
| 350 | _a60 | ||
| 650 |
_aStories _963413 |
||
| 942 |
_cHIN _k891.433 _2ddc |
||
| 999 |
_c30203 _d30203 |
||